| 000 | 00461nam a2200181Ia 4500 | ||
|---|---|---|---|
| 001 | 15217 | ||
| 005 | 20260306165011.0 | ||
| 008 | 260306t2005||||xx |||||||||||||| ||spa|| | ||
| 041 | _aESP | ||
| 082 |
_a530.11 _bG92 |
||
| 100 |
_aGuillén Benavides, Juan Manuel _eAUT |
||
| 245 | 0 | _aAlbert Einstein, o acerca de lo que nos dice la luz | |
| 260 | _c2005 | ||
| 300 |
_a264 páginas : _c21 cm. |
||
| 650 | _aGEN | ||
| 654 | _aCCN | ||
| 942 |
_cLIB _dJUS _fJUS _2ddc _n |
||
| 999 |
_c15217 _d15217 |
||